00711nam a22001817a 4500008004100000020001500041040001800056041000800074100002700082245010700109260010500216300001800321500002200339504003200361651005100393651003400444651005100478130821s1988 sp gr spa  a847232429X aCo-BoUCMbspa00aspa1 aOspina, Gloria Inés.10aEspaña y Colombia en el siglo XIX los orígenes de las relacionescGloria Inés Ospina Sánchez. aMadrid (España)bEdiciones Cultura Hispánica, Instituto de Cooperación Iberoamericanac[1988?] a207 páginas aIncluye índice. aBibliografía: p. 197-199. 7aColombiabRelaciones internacionaleszEspaña 7aColombiaxHistoriaySiglo XIX 7aEspañabRelaciones internacionaleszColombia